Music Quiz

Random Music Quiz
Score 0/25 Timer 10:00
0 Plays Today
Single DJ/Producer % Correct
ToulouseNicky Romero
83.5%
SpacemanHardwell
82.4%
One More TimeDaft Punk
77.6%
Adagio for StringsTiesto
68.2%
Call on MeEric Prydz
63.5%
Fade Into DarknessAvicii
61.2%
StrobeDeadmau5
60%
Million VoicesOtto Knows
57.6%
CentipedeKnife Party
52.9%
No BeefSteve Aoki
52.9%
WakandaDimitri Vegas & Like Mike
49.4%
Kick Out the Epic ****Dada Life
47.1%
FlashbackCalvin Harris
40%
Single DJ/Producer % Correct
Rock 'n' RollSkrillex
38.8%
CallingSebastian Ingross
34.1%
IntenseArmin van Buuren
30.6%
Can't Stop MeAfrojack
29.4%
Heart is KingAxwell
21.2%
Raise Your HeadAlesso
18.8%
Yeah!Steve Angello
11.8%
Everytime We TouchDavid Guetta
11.8%
Hey!Showtek
10.6%
When I See YouArty
9.4%
AK47W&W
7.1%
Let It GoDirty South
5.9%
Remove Ads.
Support Sporcle.
Get the best of Sporcle when you Go Orange. This ad-free experience offers more features, more stats, and more fun while also helping to support Sporcle. Thank you for becoming a member.

You're not logged in!

Compare scores with friends on all Sporcle quizzes.
OR
Log In

Show Comments

Extras

Created Oct 15, 2013ReportNominate
Tags:biggest, EDM, group, Producer, Single, ultimate

Top Quizzes Today


Score Distribution

Your Account Isn't Verified!

In order to create a playlist on Sporcle, you need to verify the email address you used during registration. Go to your Sporcle Settings to finish the process.

Report this User

Report this user for behavior that violates our Community Guidelines.

Details: